| 000 | 00590nam a22001937a 4500 | ||
|---|---|---|---|
| 005 | 20140911104926.0 | ||
| 010 | _aENG-110791 | ||
| 020 |
_a9789380179483 _c995.00 |
||
| 035 | _aEN-94323 | ||
| 037 | _bDBAD/PUB | ||
| 082 | _a659.1 | ||
| 100 | _aKrishanmurty, Kavita | ||
| 245 |
_aAdvertising management / _cby Kavita Krishanmurty |
||
| 260 |
_aJaipur _bOxford Book Company _c2010 |
||
| 270 |
_a267-B, 10-B, Scheme, Opp. Narayan Niwas, Gopalpura by Pass Road _bJaipur _e302018 |
||
| 300 |
_a286p. _c24cm(Hb) |
||
| 500 | _aIncludes Index | ||
| 942 |
_2ddc _cEN _h659.1 _mKRI |
||
| 999 |
_c88423 _d88423 |
||